Which post-Soviet republic? - Statistics

General Stats
  • This quiz has been taken 19 times
  • The average score is 9 of 15
Answer Stats
Question Answer % Correct
In which republic was Stalin born? Georgia
100%
Which republic launched Gagarin from Kazakhstan
100%
The smallest republic of the USSR Armenia
75%
Magomayev was born in ... Azerbaijan
75%
The most recent breakaway republic Kazakhstan
75%
The very first breakaway republic Lithuania
75%
Which republic has the tallest building Russia
75%
In which republic did Karakum occupy most of the territory Turkmenistan
75%
In which republic are the Lukomlskaya, Berezovskaya, Vasilevichskaya power plants located? Belarus
50%
In which republic were the Gagra? Georgia
50%
The lowest point of the USSR was in Kazakhstan
50%
The highest peak of the USSR was in ... Tajikistan
50%
In which republic was Frunze born? Kyrgyzstan
25%
The richest republic of the USSR Georgia
0%
The hottest republic of the USSR Uzbekistan
0%
No matching quizzes found
Score Distribution
Percent of People with Each Score
Percentile by Number Answered
Your Score History
You have not taken this quiz